Science Quiz

Random Science or Clickable Quiz

Female Scientists Quiz Stats

 Plays Quiz Updated Mar 8, 2018

Score 0/24 Timer 08:00
0 Plays Today
% Correct
Marie Curie
89%
Jane Goodall
79.7%
Dian Fossey
60.1%
Rachel Carson
57.2%
Wangari Maathai
54.4%
Helen Beatrix Potter
53.8%
Elizabeth Blackwell
52.8%
Mae Jemison
51.9%
Margaret Mead
48%
Rosalind Franklin
47.9%
Virginia Apgar
47.6%
Hedy Lamarr
46.9%
% Correct
Regina Benjamin
41.4%
Grace Hopper
41.2%
Mary Leakey
40%
Elizabeth Blackburn
39.3%
Dorothy Hodgkin
37.9%
Chien-Shiung Wu
33.8%
Ruth Benedict
31.9%
Ellen Swallow Richards
31.4%
Emmy Noether
26.4%
Adrienne Zihlman
26%
Jonine Bernstein
20.9%
Penelope Boston
20.5%

You're not logged in!

Compare scores with friends on all Sporcle quizzes.
OR
Log In

Show Comments

Extras

Top Quizzes Today


Score Distribution

Your Account Isn't Verified!

In order to create a playlist on Sporcle, you need to verify the email address you used during registration. Go to your Sporcle Settings to finish the process.

Report this User

Report this user for behavior that violates our Community Guidelines.

Details: